Statistiques concernant Prénom dans Harry Potter finissant par -d

Cliquez ici pour prendre le quiz!

Statistiques générales

  • Ce quiz a été pris 74 fois
    (69 depuis la dernière actualisation)
  • Le résultat moyen est 6 sur 8

Statistiques - réponses

Nom de famille / descriptionPrénom% Correct
Chat de HermionePattenrond
100%
Rat de Ron WeasleyCroutard
98%
WeasleyFred
92%
WeasleyFred jr.
92%
TonksTed
86%
Boursouflet de GinnyArnold
71%
WeasleyRon
65%
GobelinBogrod
37%

Distribution des résultats

Percentile par nombre de réponses

% des personnes avec chaque résultat

Votre développement - résultats

Vous n’avez pas pris ce quiz depuis la dernière actualisation